| 000 | 01081nam a2200253 a 4500 | ||
|---|---|---|---|
| 999 |
_c785 _d785 |
||
| 003 | AR-BaISA | ||
| 005 | 20220506114505.0 | ||
| 007 | ta | ||
| 008 | 220322s2012 ag ao||f |||| 000 0 spa d | ||
| 020 | _a9789876292306 | ||
| 040 |
_bspa _cAR-BaISA |
||
| 082 | 0 | 4 |
_222 _a982 H62 1852-1890 |
| 100 | 1 |
_91868 _aSabato, Hilda |
|
| 245 | 1 | 0 |
_aHistoria de la Argentina : _b1852-1890 / _cHilda Sabato |
| 250 | _a3a. ed. | ||
| 260 |
_aBuenos Aires : _bSiglo Veintiuno, _c2012 |
||
| 300 |
_a35 p. : _bil., fotos |
||
| 490 | 0 | _aBiblioteca básica de historia | |
| 504 | _aBibliografía p.: 337-350. | ||
| 505 |
_tConstituir una república federal -- _tDos repúblicas (I). La Confederación Argentina -- _tDos repúblicas (II). El estado de Buenos Aires -- _tEn busca de un estado -- _tEn guerras -- _tLa centralización estatal y sus límites -- _tLa vida política: nuevas y viejas prácticas -- _tEl proyecto centralizador: fortalezas y debilidades -- _tUn modelo de estado -- _tApogeo y crisis |
||
| 650 | 1 | 4 |
_91870 _aHistoria del siglo XIX |
| 651 | 1 | 0 |
_93 _aArgentina |
| 942 |
_2ddc _cLI |
||